| 000 | 00400nam a2200157Ia 4500 | ||
|---|---|---|---|
| 008 | 230524s9999 xx 000 0 und d | ||
| 082 |
_a621.382101 _bVEN |
||
| 100 | _aUdo Lob | ||
| 245 | 0 | _aMode of Operation of The Semiconductor Diode Pi-18 | |
| 250 | _a1ST | ||
| 260 |
_aNEW DELHI _bWiley Eastern _c2001 |
||
| 300 | _aVI;251 | ||
| 500 | _aQuantity Number: 2 | ||
| 650 | _aPhysics | ||
| 942 | _cBK | ||
| 999 |
_c17054 _d17054 |
||